[Event "BSSZ_Aranytiz_GM"]
[Site "Budapest"]
[Date "2020.08.26"]
[Round "6.4"]
[White "Persanyi, Barnabas"]
[Black "Horvath, Adam"]
[Result "0-1"]
[WhiteElo "2370"]
[BlackElo "2488"]
[PlyCount "76"]
[EventDate "2020.??.??"]

1. e4 c5 2. Nf3 Nc6 3. Bb5 e6 4. b3 Qb6 5. Bxc6 Qxc6 6. d3 Nf6 7. Nbd2 b6 8.
O-O Bb7 9. Bb2 Be7 10. a4 Qc7 11. a5 Rd8 12. axb6 axb6 13. Qe2 O-O 14. Ra7 Ra8
15. Rfa1 Rxa7 16. Rxa7 Qb8 17. Ra1 d5 18. exd5 Bxd5 19. Ne4 Nd7 20. Nfd2 Qb7
21. c4 Bc6 22. f3 Rd8 23. Nf1 Nf8 24. Nfg3 Ng6 25. Nh5 e5 26. Neg3 f6 27. f4
Nxf4 28. Nxf4 exf4 29. Nf5 Re8 30. Qg4 Bf8 31. Bxf6 f3 32. g3 Kh8 33. Bc3 Re2
34. Kf1 Qd7 35. Nh6 Qe8 36. Ra7 Re1+ 37. Bxe1 Qe2+ 38. Kg1 Qg2# 0-1

[Event "BSSZ_Aranytiz_GM"]
[Site "Budapest"]
[Date "2020.08.26"]
[Round "6.5"]
[White "Csonka, Balazs"]
[Black "Nayhebaver, Martin"]
[Result "1/2-1/2"]
[WhiteElo "2498"]
[BlackElo "2482"]
[PlyCount "89"]
[EventDate "2020.??.??"]

1. d4 Nf6 2. c4 e6 3. Nc3 Bb4 4. Qc2 c5 5. dxc5 O-O 6. Nf3 Na6 7. g3 Nxc5 8.
Bg2 Nce4 9. O-O Bxc3 10. bxc3 Qc7 11. Nd4 d5 12. cxd5 exd5 13. Bf4 Qc5 14. Rac1
Bd7 15. Qb3 Rfc8 16. Qxb7 Nxc3 17. e3 Qb6 18. Qxb6 axb6 19. Rc2 Rxa2 20. Rxa2
Nxa2 21. Rb1 Ne4 22. f3 g5 23. fxe4 gxf4 24. gxf4 dxe4 25. Rxb6 Nc3 26. Kf2 Rc7
27. f5 Kg7 28. Rd6 Nd1+ 29. Ke2 Nc3+ 30. Kf2 f6 31. Kg3 Kf7 32. Kf4 Ke7 33. Ra6
Bc8 34. Ra5 Bb7 35. Ne6 Rd7 36. Nc5 Rc7 37. Nxb7 Rxb7 38. Rc5 Rb3 39. Bxe4 Ne2+
40. Kf3 Ng1+ 41. Kg2 Rxe3 42. Rc7+ Kd6 43. Rc6+ Ke5 44. Re6+ Kf4 45. Kxg1
1/2-1/2

[Event "BSSZ_Aranytiz_GM"]
[Site "Budapest"]
[Date "2020.08.27"]
[Round "7.1"]
[White "Horvath, Adam"]
[Black "Csonka, Balazs"]
[Result "1/2-1/2"]
[WhiteElo "2488"]
[BlackElo "2498"]
[PlyCount "62"]
[EventDate "2020.??.??"]

1. e4 e5 2. Nf3 Nc6 3. Bc4 Bc5 4. c3 Nf6 5. d3 O-O 6. a4 a6 7. O-O d5 8. exd5
Nxd5 9. a5 Bf5 10. Re1 Nf6 11. b4 Ba7 12. Qc2 Qd7 13. Nh4 Be6 14. Na3 Rad8 15.
Be3 Bxe3 16. Rxe3 Nd5 17. Ree1 Nf4 18. Bxe6 Qxe6 19. Re3 Qg4 20. g3 Rd6 21. f3
Qg5 22. Rae1 Rh6 23. Kh1 Ng6 24. Nxg6 hxg6 25. Qf2 f6 26. Nc4 Kh7 27. Re4 Rh8
28. f4 exf4 29. gxf4 Qd5 30. Qf3 Rd8 31. R4e3 Rh5 1/2-1/2

[Event "BSSZ_Aranytiz_GM"]
[Site "Budapest"]
[Date "2020.08.27"]
[Round "7.2"]
[White "Nayhebaver, Martin"]
[Black "Karacsonyi, Gellert"]
[Result "1-0"]
[WhiteElo "2482"]
[BlackElo "2292"]
[PlyCount "101"]
[EventDate "2020.??.??"]

1. d4 Nf6 2. c4 e6 3. Nc3 Bb4 4. Nf3 O-O 5. Bg5 d5 6. e3 c5 7. cxd5 Qxd5 8.
Bxf6 gxf6 9. Bd3 b6 10. Nd2 Bxc3 11. bxc3 f5 12. e4 Qd7 13. exf5 exf5 14. O-O
cxd4 15. Qf3 Bb7 16. Qh3 f6 17. Bxf5 Qg7 18. Rfe1 Nc6 19. Re4 Ne5 20. Rh4 Ng6
21. Rxd4 Rad8 22. Re1 Rxd4 23. cxd4 Rd8 24. Nf3 Kh8 25. Be4 Nf4 26. Qg3 Qxg3
27. hxg3 Bxe4 28. Rxe4 Nd5 29. Re6 Kg7 30. Rc6 Rd7 31. a3 Kf7 32. g4 Nf4 33. g5
Ne2+ 34. Kf1 Nxd4 35. Rxf6+ Kg7 36. Ne5 Rc7 37. f4 Nc2 38. Rd6 Ne3+ 39. Kf2 Nf5
40. Rd2 h5 41. gxh6+ Nxh6 42. g4 Nf7 43. Nxf7 Kxf7 44. Kg3 Rc3+ 45. Kh4 Rxa3
46. f5 a5 47. Rd7+ Kf8 48. g5 a4 49. g6 Ra1 50. g7+ Kg8 51. f6 1-0

[Event "BSSZ_Aranytiz_GM"]
[Site "Budapest"]
[Date "2020.08.27"]
[Round "7.3"]
[White "Horvath, Dominik"]
[Black "Persanyi, Barnabas"]
[Result "1/2-1/2"]
[WhiteElo "2438"]
[BlackElo "2370"]
[PlyCount "113"]
[EventDate "2020.??.??"]

1. e4 e5 2. Nf3 Nc6 3. d4 exd4 4. Nxd4 Nf6 5. Nxc6 bxc6 6. e5 Qe7 7. Qe2 Nd5 8.
h4 d6 9. c4 Nb6 10. exd6 cxd6 11. Be3 Be6 12. Qc2 Qc7 13. Nd2 c5 14. Bd3 Be7
15. O-O-O h6 16. g4 O-O-O 17. Bf5 Qd7 18. Ne4 Bxf5 19. gxf5 Qc6 20. Rhg1 Rhe8
21. f6 Bxf6 22. Nxf6 gxf6 23. b3 Qe4 24. Qxe4 Rxe4 25. Rg7 d5 26. cxd5 Nxd5 27.
Bxc5 Rd7 28. Rd4 Rxd4 29. Bxd4 Nb4 30. Be3 Nxa2+ 31. Kb2 Nb4 32. Rh7 Nd3+ 33.
Kc3 Ne5 34. Rxh6 Ng4 35. Rh8+ Kb7 36. h5 Rd5 37. Bd4 Rf5 38. h6 Rh5 39. h7 Ne5
40. Bxe5 fxe5 41. Kc4 e4 42. Kd4 f5 43. Ke5 Rh2 44. b4 a6 45. Rf8 Rxh7 46. Rxf5
Re7+ 47. Kd4 Kb6 48. Ke3 Re8 49. Kd4 Kc6 50. Ke3 Kb6 51. Rf4 Kb5 52. Rxe4 Rxe4+
53. Kxe4 Kxb4 54. f4 Kc5 55. Ke5 Kc6 56. Ke6 a5 57. f5 1/2-1/2

[Event "BSSZ_Aranytiz_GM"]
[Site "Budapest"]
[Date "2020.08.27"]
[Round "7.4"]
[White "Petenyi, Tamas"]
[Black "Aczel, Gergely"]
[Result "0-1"]
[WhiteElo "2436"]
[BlackElo "2511"]
[PlyCount "136"]
[EventDate "2020.??.??"]

1. Nf3 d5 2. g3 c6 3. Bg2 Bg4 4. O-O Nf6 5. b3 e6 6. Bb2 Nbd7 7. d3 h6 8. Nbd2
Be7 9. c4 O-O 10. Rc1 a5 11. a3 Re8 12. Rc2 Bc5 13. Qa1 Qe7 14. Re1 Bh5 15. Nf1
Bg6 16. h3 Bb6 17. Rcc1 e5 18. cxd5 cxd5 19. d4 e4 20. Ne5 Bf5 21. Ne3 Be6 22.
Red1 Rec8 23. Rxc8+ Rxc8 24. Rc1 Qd8 25. Rxc8 Qxc8 26. Qd1 Nf8 27. Kh2 Ne8 28.
f4 f6 29. f5 fxe5 30. fxe6 Qxe6 31. Nc2 Ng6 32. dxe5 Nxe5 33. Nd4 Qf7 34. Nf5
Ng6 35. g4 Kh7 36. Kh1 Nf4 37. Qd2 Nxg2 38. Kxg2 Nd6 39. Ne3 Qf4 40. Bd4 Bc7
41. Qb2 Nb5 42. Nf1 Nxd4 43. Qxd4 Qd6 44. a4 Bb6 45. Qd1 Qf4 46. e3 Qe5 47. Qd2
h5 48. Qf2 Qg5 49. Qf7 hxg4 50. h4 Qxh4 51. Qxd5 Qh3+ 52. Kf2 Qf3+ 53. Ke1 g3
54. Nd2 Qxe3+ 55. Kd1 Qg1+ 56. Ke2 Qf2+ 57. Kd1 Qg1+ 58. Ke2 Qh2+ 59. Kd1 g2
60. Qxe4+ Kh6 61. Qe6+ g6 62. Nf3 g1=Q+ 63. Nxg1 Qxg1+ 64. Kc2 Qe3 65. Qg8 Bd4
66. Qf8+ Bg7 67. Qf7 b6 68. Kd1 g5 0-1

[Event "BSSZ_Aranytiz_GM"]
[Site "Budapest"]
[Date "2020.08.27"]
[Round "7.5"]
[White "Gungl, Theo"]
[Black "Kantor, Gergely"]
[Result "0-1"]
[WhiteElo "2360"]
[BlackElo "2530"]
[PlyCount "62"]
[EventDate "2020.??.??"]

1. d4 Nf6 2. c4 e6 3. Nc3 Bb4 4. f3 c5 5. d5 b5 6. e4 d6 7. Bd2 a6 8. a4 Ba5 9.
Kf2 exd5 10. Nxd5 b4 11. Bd3 Nc6 12. Ne2 Ne5 13. Bf4 O-O 14. b3 Nxd5 15. exd5
Qh4+ 16. Bg3 Qf6 17. Re1 h5 18. Bc2 h4 19. Bxe5 dxe5 20. Qd3 g6 21. Qe3 Bc7 22.
Kg1 Kg7 23. Rad1 Qd6 24. g3 Rh8 25. f4 hxg3 26. hxg3 Rh5 27. Qf3 exf4 28. Nxf4
Rg5 29. Rf1 Bg4 30. Qf2 Bxd1 31. Bxd1 Qxf4 0-1

[Event "BSSZ_Aranytiz_GM"]
[Site "Budapest"]
[Date "2020.08.28"]
[Round "8.1"]
[White "Karacsonyi, Gellert"]
[Black "Kantor, Gergely"]
[Result "0-1"]
[WhiteElo "2292"]
[BlackElo "2530"]
[PlyCount "84"]
[EventDate "2020.??.??"]

1. e4 e5 2. Nf3 Nc6 3. Bb5 a6 4. Ba4 Nf6 5. O-O Be7 6. Re1 b5 7. Bb3 d6 8. a4
Bg4 9. c3 O-O 10. h3 Bh5 11. d4 Bxf3 12. gxf3 Na5 13. f4 Nxb3 14. Qxb3 exf4 15.
Bxf4 Nh5 16. Be3 Qd7 17. Kh2 Rab8 18. Nd2 Kh8 19. Qd1 f5 20. Qxh5 f4 21. Rf1
bxa4 22. Nc4 fxe3 23. fxe3 Qe6 24. Qd5 Qg6 25. Rf5 c6 26. Qxc6 Rfc8 27. Qd7
Rxc4 28. Rg1 Qe8 29. Qe6 Rxb2+ 30. Kh1 Rc8 31. e5 Bf8 32. Qd5 Rb5 33. Qe4 dxe5
34. d5 Bd6 35. Qg4 Rb7 36. c4 a3 37. Rh5 Rcb8 38. Qf5 Qg8 39. Rh6 Rf8 40. Qe4
gxh6 41. Rxg8+ Rxg8 42. c5 a2 0-1

[Event "BSSZ_Aranytiz_GM"]
[Site "Budapest"]
[Date "2020.08.28"]
[Round "8.2"]
[White "Aczel, Gergely"]
[Black "Gungl, Theo"]
[Result "1-0"]
[WhiteElo "2511"]
[BlackElo "2360"]
[PlyCount "147"]
[EventDate "2020.??.??"]

1. Nf3 d5 2. g3 c6 3. Bg2 Nf6 4. O-O Bf5 5. c4 e6 6. Qb3 Qb6 7. d3 Nbd7 8. cxd5
cxd5 9. Qxb6 Nxb6 10. Be3 Nc8 11. Nc3 a6 12. Bd4 Be7 13. Nh4 Nd6 14. Rfe1 Bg6
15. e4 dxe4 16. dxe4 Nb5 17. Nxb5 axb5 18. Bf1 O-O 19. Nxg6 hxg6 20. Bxb5 Rfd8
21. Bc3 Bc5 22. Re2 Bd4 23. Be1 Bb6 24. Kg2 Ne8 25. a4 Nd6 26. Bd3 Nc8 27. Ra3
Ne7 28. Bb5 Rac8 29. a5 Ba7 30. a6 bxa6 31. Rxa6 Bc5 32. Ba5 Rd4 33. Bc3 Rd1
34. Ba4 Rdd8 35. h4 Ra8 36. Rd2 Rdc8 37. Rxa8 Rxa8 38. b3 Rc8 39. Ba5 Ra8 40.
Rd8+ Rxd8 41. Bxd8 Bb4 42. Bd7 Kf8 43. g4 Ng8 44. g5 e5 45. Kf3 f6 46. Kg4 Ne7
47. Bb6 Ng8 48. Be3 Ke7 49. Bb5 Kd6 50. Be8 Ne7 51. f3 Ke6 52. Kg3 Be1+ 53. Kh3
Kd6 54. Bf7 Bb4 55. Kg4 Be1 56. gxf6 gxf6 57. Bh6 Kd7 58. Bg7 f5+ 59. Kh3 Kd6
60. Bf8 fxe4 61. fxe4 Kd7 62. Kg4 Bd2 63. Bg7 Kd6 64. Bf6 Be1 65. Bg5 Bc3 66.
Be3 Bb4 67. Kg5 Be1 68. Kg4 Bb4 69. Bc1 Kd7 70. Kg5 Be1 71. Bb2 Bd2+ 72. Kg4
Kd6 73. Ba3+ Kd7 74. Bc5 1-0

[Event "BSSZ_Aranytiz_GM"]
[Site "Budapest"]
[Date "2020.08.28"]
[Round "8.3"]
[White "Persanyi, Barnabas"]
[Black "Petenyi, Tamas"]
[Result "0-1"]
[WhiteElo "2370"]
[BlackElo "2436"]
[PlyCount "70"]
[EventDate "2020.??.??"]

1. Nf3 g6 2. g3 Bg7 3. d4 b6 4. Bg2 Bb7 5. O-O Nf6 6. c4 O-O 7. Nc3 e6 8. b3 d6
9. Bb2 Nbd7 10. Ne1 Bxg2 11. Nxg2 c6 12. e4 Qc7 13. Ne3 Rfe8 14. Qf3 a6 15.
Rac1 Qb7 16. Rfd1 b5 17. Ba1 e5 18. d5 c5 19. Rb1 b4 20. Na4 Nb6 21. Nxb6 Qxb6
22. Bb2 a5 23. a4 bxa3 24. Bxa3 Reb8 25. Rd3 Qa6 26. Nd1 a4 27. Nc3 Rxb3 28.
Rxb3 axb3 29. Nb5 Qa4 30. Rc3 Rb8 31. Bb2 Nxe4 32. Qxe4 Rxb5 33. Qh4 Rb8 34.
Rf3 Qa2 35. Qe7 Rf8 0-1

[Event "BSSZ_Aranytiz_GM"]
[Site "Budapest"]
[Date "2020.08.28"]
[Round "8.4"]
[White "Csonka, Balazs"]
[Black "Horvath, Dominik"]
[Result "1/2-1/2"]
[WhiteElo "2498"]
[BlackElo "2438"]
[PlyCount "25"]
[EventDate "2020.??.??"]

1. d4 d5 2. c4 e6 3. Nc3 a6 4. cxd5 exd5 5. Nf3 Nf6 6. Bg5 Be6 7. e3 Nbd7 8.
Bd3 h6 9. Bh4 g5 10. Bg3 Nh5 11. Be5 Nhf6 12. Bg3 Nh5 13. Be5 1/2-1/2

[Event "BSSZ_Aranytiz_GM"]
[Site "Budapest"]
[Date "2020.08.28"]
[Round "8.5"]
[White "Nayhebaver, Martin"]
[Black "Horvath, Adam"]
[Result "0-1"]
[WhiteElo "2482"]
[BlackElo "2488"]
[PlyCount "102"]
[EventDate "2020.??.??"]

1. d4 d5 2. c4 dxc4 3. e3 Nf6 4. Bxc4 e6 5. Nf3 c5 6. O-O Nc6 7. Qe2 a6 8. Rd1
b5 9. Bd3 cxd4 10. a4 bxa4 11. Rxa4 Bd7 12. Rxa6 Rxa6 13. Bxa6 dxe3 14. Bxe3
Be7 15. Bb5 Qc7 16. Qc2 O-O 17. Nd4 Rc8 18. Nxc6 Bxc6 19. Rc1 Ng4 20. Bxc6
Qxh2+ 21. Kf1 Ne5 22. Qe4 Rxc6 23. Rxc6 Qh1+ 24. Ke2 Nxc6 25. Nc3 Nb4 26. Qb7
Bf8 27. Ne4 Qb1 28. Qa8 Qxb2+ 29. Kf3 Nd3 30. Qd8 Qb5 31. Bd4 Ne5+ 32. Bxe5
Qxe5 33. g4 h5 34. gxh5 Qxh5+ 35. Ke3 Qh3+ 36. f3 Qf1 37. Kf4 Qa1 38. Qe8 Qd4
39. Kg3 Qe5+ 40. Kg2 g6 41. Qd8 Kg7 42. Qd7 Bb4 43. Qd8 Ba5 44. Qe7 Bc7 45. Kf1
Qa1+ 46. Ke2 Qb2+ 47. Ke3 Qb3+ 48. Ke2 Qc2+ 49. Ke3 Bb6+ 50. Kf4 Qh2+ 51. Kg4
Bc7 0-1

[Event "BSSZ_Aranytiz_GM"]
[Site "Budapest"]
[Date "2020.08.29"]
[Round "9.1"]
[White "Kantor, Gergely"]
[Black "Aczel, Gergely"]
[Result "1/2-1/2"]
[WhiteElo "2530"]
[BlackElo "2511"]
[PlyCount "21"]
[EventDate "2020.??.??"]

1. e4 c5 2. Nf3 d6 3. Bb5+ Nd7 4. O-O Ngf6 5. Re1 e6 6. d4 cxd4 7. Nxd4 a6 8.
Bf1 Be7 9. c4 O-O 10. Nc3 Qc7 11. Bg5 1/2-1/2

[Event "BSSZ_Aranytiz_GM"]
[Site "Budapest"]
[Date "2020.08.29"]
[Round "9.2"]
[White "Petenyi, Tamas"]
[Black "Csonka, Balazs"]
[Result "1/2-1/2"]
[WhiteElo "2436"]
[BlackElo "2498"]
[PlyCount "21"]
[EventDate "2020.??.??"]

1. Nf3 d5 2. g3 Nf6 3. Bg2 c6 4. O-O Bg4 5. b3 Nbd7 6. Bb2 e6 7. d3 Bd6 8. Nbd2
O-O 9. c4 Qe7 10. Qc2 Ba3 11. Rfe1 1/2-1/2

[Event "BSSZ_Aranytiz_GM"]
[Site "Budapest"]
[Date "2020.08.29"]
[Round "9.3"]
[White "Horvath, Dominik"]
[Black "Nayhebaver, Martin"]
[Result "1/2-1/2"]
[WhiteElo "2438"]
[BlackElo "2482"]
[PlyCount "53"]
[EventDate "2020.??.??"]

1. e4 c5 2. Nf3 Nc6 3. d4 cxd4 4. Nxd4 g6 5. c4 Nf6 6. Nc3 d6 7. Be2 Nxd4 8.
Qxd4 Bg7 9. Be3 O-O 10. Qd2 Be6 11. Rc1 Qa5 12. f3 Rfc8 13. b3 a6 14. Na4 Qxd2+
15. Kxd2 Nd7 16. g4 f5 17. exf5 gxf5 18. h3 Rf8 19. Rhg1 fxg4 20. fxg4 d5 21.
cxd5 Bxd5 22. Nb6 Nxb6 23. Bxb6 Be5 24. Rgf1 Bg2 25. Bc4+ Kg7 26. Rxf8 Rxf8 27.
Re1 1/2-1/2

[Event "BSSZ_Aranytiz_GM"]
[Site "Budapest"]
[Date "2020.08.29"]
[Round "9.4"]
[White "Horvath, Adam"]
[Black "Karacsonyi, Gellert"]
[Result "1-0"]
[WhiteElo "2488"]
[BlackElo "2292"]
[PlyCount "57"]
[EventDate "2020.??.??"]

1. e4 e6 2. Qe2 e5 3. Nf3 Nc6 4. g3 Bc5 5. c3 d6 6. b4 Bb6 7. Na3 Nf6 8. Nc4
O-O 9. d3 h6 10. Bg2 Be6 11. O-O Qe7 12. a4 Bxc4 13. dxc4 a5 14. c5 dxc5 15. b5
Nb8 16. Nh4 Qe6 17. Nf5 Kh8 18. h4 Ng8 19. Kh2 Ne7 20. Ne3 Qg6 21. h5 Qh7 22.
Rd1 f5 23. Nc4 fxe4 24. Bxe4 Rxf2+ 25. Qxf2 Qxe4 26. Nxb6 cxb6 27. Rd8+ Kh7 28.
Ra2 Nf5 29. Rf8 1-0

[Event "BSSZ_Aranytiz_GM"]
[Site "Budapest"]
[Date "2020.08.29"]
[Round "9.5"]
[White "Gungl, Theo"]
[Black "Persanyi, Barnabas"]
[Result "1/2-1/2"]
[WhiteElo "2360"]
[BlackElo "2370"]
[PlyCount "81"]
[EventDate "2020.??.??"]

1. e4 e5 2. Nf3 Nc6 3. Bb5 a6 4. Bxc6 dxc6 5. O-O Be7 6. d4 exd4 7. Nxd4 c5 8.
Nb3 Qxd1 9. Rxd1 Bd7 10. Nc3 O-O-O 11. Be3 b6 12. Nd5 Be6 13. Nf4 Rxd1+ 14.
Rxd1 Nf6 15. Nxe6 fxe6 16. f3 Nd7 17. Kf1 Bf6 18. c3 c4 19. Nd2 b5 20. f4 Be7
21. Nf3 Nf6 22. e5 Nd5 23. Ke2 Rf8 24. g3 c5 25. h4 Kc7 26. Ng5 Bxg5 27. hxg5
Kc6 28. Rh1 Rh8 29. g4 g6 30. Kf3 b4 31. Bd2 a5 32. f5 Rf8 33. f6 Rf7 34. Ke4
Kb5 35. Rf1 a4 36. a3 b3 37. Rf2 Kc6 38. Bc1 Kb5 39. Rd2 Kc6 40. Rf2 Kb5 41.
Rd2 1/2-1/2